000 00397nam a22001697a 4500
003 OSt
005 20211118095626.0
008 211118b |||||||| |||| 00| 0 eng d
020 _a9788120333123
040 _cHU
082 _a338
100 _aGRABOWSKI RICHARED
_919147
245 _aECONOMY DEVELPENT A REGIONAL
260 _aNEW DEHALI
_bLTD
_c2007
300 _a320
942 _2ddc
_cBOOKS
_n0
999 _c18924
_d18924